Les grands réalisateurs et leurs films - Statistiques

Statistiques générales
  • Ce quiz a été pris 881 fois
  • Le résultat moyen est 11 sur 15
Statistiques - réponses
Film Reponse % Correct
kill bill Tarantino
92%
Les dents de la mer Spielberg
90%
Interstellar Nolan
88%
shinning Kubrick
83%
Psychose Hitchcock
79%
Edward aux mains d'argent Burton
77%
Le parrain Coppola
74%
Fight club Fincher
73%
Les affranchis Scorsese
70%
Grand Torino Eastwood
68%
Arthur et les minimoys Besson
64%
Terminator Cameron
60%
Gladiador Scott
59%
Le kid Chaplin
44%
Les 400 coups Truffaut
44%
Aucun quiz correspondant
Distribution des résultats
% des personnes avec chaque résultat
Percentile par nombre de réponses
Votre historique - résultats
Vous n’avez pas pris ce quiz